Jura-Latein - Statistiken

Allgemein
  • Dieses Quiz wurde 242 mal gespielt
  • Das Durchschnittsergebnis liegt bei 5 aus 39
Antwortstatistiken
Quote Vorkommen (meist) Bedeutung % Korrekt
In dubio pro reo Strafprozessrecht Im Zweifel für den Angeklagten
94%
Contra legem - gegen das Gesetz
42%
nulla poena sine lege Verfassungsrecht/Strafrecht keine Strafe ohne Gesetz
29%
lex specialis - spezielles Gesetz
27%
Ad acta - zu den Akten
26%
lex generalis - allgemeines Gesetz
25%
In flagranti Strafrecht auf frischer Tat
25%
dolus generalis Strafrecht Generalvorsatz
25%
Inter partes Privatrecht zwischen den Parteien
20%
Vis absoluta Strafrecht absolute Gewalt
16%
Pacta sunt servanda Vertragsrecht Verträge sind einzuhalten
16%
Sui generis Vertragsrecht eigener Art
15%
Accusatio - Anklage
13%
Ius cogens Staatsrecht/Privatrecht Zwingendes Recht
12%
Falsus procurator Zivilrecht Vertreter ohne Vertretungsmacht
10%
Condicio sine qua non Strafrecht/Deliktsrecht Bedingung ohne die nicht
8%
Obiter dictum BGH-Urteile nebenbei gesagt
8%
Vis compulsiva Strafrecht willensbeugende Gewalt
8%
invitatio ad offerendum Zivilrecht Einladung zur Abgabe eines Angebots
7%
Suum cuique - jedem das Seine
7%
Argumentum e contrario - Umkehrschluss
7%
aberratio ictus Strafrecht Fehlgehen der Tat
6%
Animus auctoris Strafrecht Wille des Täters
6%
Bona fide - in gutem Glauben
5%
error in persona Strafrecht/Zivilrecht Irrtum in der Person
5%
De lege lata - nach geltendem Recht
5%
invitatio ad incertas personas Zivilrecht Angebot an unbestimmte Personen
4%
Animus socii Strafrecht Wille des Teilnehmers
4%
Ultima ratio - letzte Lösung
3%
culpa in contrahendo Zivilrecht Verschulden bei Vertragsschluss
3%
Nemo tenetur se ipsum accusare Strafprozessrecht Niemand ist gezwungen, sich selbst anzuklagen
2%
Ad hoc - sogleich
2%
Colloquium - Besprechung
1%
Actio libera in causa Strafrecht freie Handlung in der Ursache
1%
Essentialia negotii Zivilrecht wesentliche Vertragspunkte
1%
Venire contra factum proprium Zivilrecht Auftreten gegen ein eigenes Tun
0%
Dolo agit - böswilliges Handeln
0%
Falsa demonstratio non nocet Schuldrecht eine unrichtige Bezeichnung schadet nicht
0%
Ne bis in idem Verfassungsrecht nicht zweimal gegen denselben
0%
Keine übereinstimmenden Quizze gefunden
Verteilung der Resultate
Anzahl Personen mit jedem Resultat
Perzentil nach korrekt beantworteten Fragen
Ihre Resultats-Entwicklung
Sie haben dieses Quiz noch nicht gespielt